[Event "Ruhrgebiet Regionalliga 1718"]
[Site "Germany"]
[Date "2017.12.10"]
[Round "4.8"]
[White "Dawid, Adalbert"]
[Black "Wagner, Ralf"]
[Result "1-0"]
[WhiteElo "1838"]
[BlackElo "1827"]
[PlyCount "57"]
[EventDate "2017.10.01"]
[EventType "team-tourn"]
[EventRounds "9"]
[EventCountry "GER"]
[SourceTitle "EXT 2022"]
[Source "ChessBase"]
[SourceDate "2021.10.06"]
[SourceVersion "1"]
[SourceVersionDate "2021.10.06"]
[SourceQuality "1"]
[WhiteTeam "Dortmund Hansa II"]
[BlackTeam "Ahlen SV"]
[WhiteTeamCountry "GER"]
[BlackTeamCountry "GER"]

1. d4 Nf6 2. c4 e6 3. Nf3 Bb4+ 4. Bd2 a5 5. a3 Bxd2+ 6. Nbxd2 d5 7. Qc2 Nc6 8. e3 Nd7 9. Bd3 Qe7 10. 0-0 Nb6 11. cxd5 Nxd5 12. Rac1 h6 13. Rfe1 0-0 14. e4 Nf4 15. Bf1 Qf6 16. g3 Ng6 17. e5 Qd8 18. Qe4 Nge7 19. Bd3 g6 20. Qf4 Kh7 21. Ne4 Nd5 22. Nf6+ Nxf6 23. exf6 e5 24. Nxe5 Nxd4 25. Nxg6 Nf3+ 26. Qxf3 fxg6 27. Re7+ Kh8 28. Qe3 g5 29. Qe4 1-0

[Event "Ruhrgebiet Regionalliga 1617"]
[Site "Germany"]
[Date "2017.05.07"]
[Round "9.8"]
[White "Wagner, Ralf"]
[Black "Kremer, Moritz"]
[Result "1-0"]
[WhiteElo "1818"]
[BlackElo "1806"]
[PlyCount "169"]
[EventDate "2016.09.11"]
[EventType "team-tourn"]
[EventRounds "9"]
[EventCountry "GER"]
[SourceTitle "EXT 2022"]
[Source "ChessBase"]
[SourceDate "2021.10.06"]
[SourceVersion "1"]
[SourceVersionDate "2021.10.06"]
[SourceQuality "1"]
[WhiteTeam "Ahlen SV"]
[BlackTeam "Muelheim Nord III"]
[WhiteTeamCountry "GER"]
[BlackTeamCountry "GER"]

1. e4 e6 2. d4 d5 3. Nd2 dxe4 4. Nxe4 Bd7 5. Bd3 Bc6 6. Nf3 Nd7 7. c3 Ngf6 8. Qe2 Nxe4 9. Bxe4 Bxe4 10. Qxe4 c6 11. Bg5 Be7 12. h4 h6 13. Bd2 Nf6 14. Qe2 Qd5 15. Rg1 Qe4 16. g4 Qxe2+ 17. Kxe2 Nd7 18. g5 hxg5 19. hxg5 g6 20. Rh1 Rxh1 21. Rxh1 Bd6 22. Rh8+ Nf8 23. Kd3 0-0-0 24. Ke4 Nd7 25. Rh7 f5+ 26. Kd3 e5 27. Nh4 Nf8 28. Rh6 exd4 29. cxd4 Be5 30. Nxg6 Bg7 31. Ne7+ Kd7 32. Nxf5 Bxh6 33. Nxh6 Ke8 34. Ke4 Ne6 35. Be3 Ng7 36. f4 Kf8 37. f5 Re8+ 38. Kf3 Nh5 39. Bd2 Rd8 40. Bb4+ Kg7 41. f6+ Nxf6 42. Nf5+ Kf7 43. gxf6 Rd5 44. Nd6+ Kxf6 45. Ke4 b6 46. Nc4 Rh5 47. Bc3 Ke6 48. Ne3 Rg5 49. a4 Rh5 50. b4 a6 51. a5 b5 52. Nd1 Kd7 53. Nb2 Kc7 54. Bd2 Kb7 55. Nd3 Rh4+ 56. Bf4 Rh7 57. Bg5 Rh8 58. Nc5+ Ka7 59. Ne6 Rg8 60. Ke5 Ka8 61. Bd8 Rh8 62. Bb6 Rh5+ 63. Kf6 Rh4 64. Kg5 Re4 65. Kf5 Rh4 66. Nc7+ Kb7 67. Ne6 Kc8 68. Nf4 Rh1 69. Nd3 Rd1 70. Ke4 Rb1 71. Bc5 Kc7 72. Kf5 Rh1 73. Bb6+ Kc8 74. Nc5 Rf1+ 75. Ke5 Rb1 76. Nxa6 Kb7 77. Nc5+ Kc8 78. a6 Ra1 79. Kd6 Kb8 80. Kxc6 Ka8 81. Ne6 Rc1+ 82. Bc5 Ra1 83. Nc7+ Kb8 84. a7+ Kc8 85. d5 1-0

[Event "Ruhrgebiet Bezirksliga 16/17"]
[Site "Ruhrgebiet"]
[Date "2017.03.05"]
[Round "9.3"]
[White "Wagner, Ralf"]
[Black "Simon, Frank"]
[Result "1/2-1/2"]
[WhiteElo "1853"]
[BlackElo "1768"]
[PlyCount "86"]
[EventDate "2016.08.28"]
[EventType "team-tourn"]
[EventRounds "11"]
[EventCountry "GER"]
[SourceTitle "EXT 2022"]
[Source "ChessBase"]
[SourceDate "2021.10.06"]
[SourceVersion "1"]
[SourceVersionDate "2021.10.06"]
[SourceQuality "1"]
[WhiteTeam "Ahlen SV II"]
[BlackTeam "Luenen Horstmar SC II"]
[WhiteTeamCountry "GER"]
[BlackTeamCountry "GER"]

1. e4 d5 2. exd5 Qxd5 3. Nc3 Qd8 4. Bc4 Nf6 5. Nf3 Bg4 6. Bxf7+ Kxf7 7. Ne5+ Kg8 8. Nxg4 Qd4 9. Ne3 h5 10. Qe2 e6 11. Qc4 Qxc4 12. Nxc4 Nc6 13. d3 Nd4 14. Kd1 Ng4 15. Ne4 b5 16. Ne3 Bd6 17. h3 Ne5 18. Bd2 Rd8 19. a4 a6 20. axb5 axb5 21. Bc3 Nec6 22. Nxd6 Rxd6 23. Ra6 Kf7 24. Re1 Rhd8 25. Nf1 b4 26. Bxd4 Nxd4 27. Rxd6 cxd6 28. Re4 e5 29. c3 bxc3 30. bxc3 Ne6 31. Ra4 Rb8 32. Ne3 Nc5 33. Ra7+ Kg6 34. Kc2 Rf8 35. f3 Rd8 36. Nd5 Ne6 37. Re7 Nf8 38. h4 Ra8 39. g4 Ra5 40. Ne3 Ra2+ 41. Kb3 Rf2 42. gxh5+ Kxh5 43. Rf7 Ne6 1/2-1/2

[Event "Ruhrgebiet Bezirksliga 16/17"]
[Site "Ruhrgebiet"]
[Date "2016.11.13"]
[Round "4.3"]
[White "Atasoy, Tarik"]
[Black "Wagner, Ralf"]
[Result "1/2-1/2"]
[WhiteElo "1720"]
[BlackElo "1853"]
[PlyCount "73"]
[EventDate "2016.08.28"]
[EventType "team-tourn"]
[EventRounds "11"]
[EventCountry "GER"]
[SourceTitle "EXT 2022"]
[Source "ChessBase"]
[SourceDate "2021.10.06"]
[SourceVersion "1"]
[SourceVersionDate "2021.10.06"]
[SourceQuality "1"]
[WhiteTeam "Luenen Horstmar SC"]
[BlackTeam "Ahlen SV II"]
[WhiteTeamCountry "GER"]
[BlackTeamCountry "GER"]

1. e4 e6 2. d4 c5 3. Nf3 cxd4 4. Nxd4 Qb6 5. Be2 a6 6. 0-0 d6 7. Nc3 Nd7 8. Nb3 Qc7 9. Be3 Ngf6 10. Qd3 Be7 11. Rad1 b6 12. Bf4 Ne5 13. Bxe5 dxe5 14. Qc4 Ra7 15. Qxc7 Rxc7 16. f3 Bb4 17. Rd3 Bb7 18. Rfd1 0-0 19. a3 Be7 20. R1d2 g6 21. Na4 b5 22. Nc3 Rfc8 23. Bd1 b4 24. axb4 Bxb4 25. Rd8+ Kg7 26. Rxc8 Bxc8 27. Rd3 a5 28. Nb5 Rb7 29. Nd6 Bxd6 30. Rxd6 Bd7 31. Nc5 Rc7 32. Nxd7 Nxd7 33. Ra6 Rc5 34. Kf2 Nb8 35. Ra8 Nd7 36. Ra6 Nb8 37. Ra8 1/2-1/2

[Event "Ruhrgebiet Bezirksliga 16/17"]
[Site "Ruhrgebiet"]
[Date "2016.09.18"]
[Round "2.3"]
[White "Brunberg, Ingo"]
[Black "Wagner, Ralf"]
[Result "0-1"]
[WhiteElo "1822"]
[BlackElo "1853"]
[PlyCount "70"]
[EventDate "2016.08.28"]
[EventType "team-tourn"]
[EventRounds "11"]
[EventCountry "GER"]
[SourceTitle "EXT 2022"]
[Source "ChessBase"]
[SourceDate "2021.10.06"]
[SourceVersion "1"]
[SourceVersionDate "2021.10.06"]
[SourceQuality "1"]
[WhiteTeam "Wickede SK"]
[BlackTeam "Ahlen SV II"]
[WhiteTeamCountry "GER"]
[BlackTeamCountry "GER"]

1. e4 e6 2. d3 d5 3. Nd2 Nf6 4. g3 Bc5 5. Bg2 Nc6 6. Ngf3 dxe4 7. dxe4 e5 8. 0-0 Bg4 9. c3 Qd3 10. h3 Bh5 11. Re1 0-0-0 12. Qe2 Qc2 13. Nb3 Qxe2 14. Rxe2 Rd1+ 15. Kh2 Bb6 16. Be3 Rxa1 17. Nxa1 Bxe3 18. Rxe3 Rd8 19. Nb3 Rd1 20. Re2 a5 21. g4 Bg6 22. Nh4 a4 23. Nc5 a3 24. Nxg6 hxg6 25. Nb3 axb2 26. Rxb2 Nd7 27. Bf3 Rd3 28. Be2 Rxc3 29. Bb5 Nb6 30. Kg2 Nb4 31. Be8 Nc4 32. Rb1 Nd6 33. Ba4 Nd3 34. Nd2 Nf4+ 35. Kf1 Rxh3 0-1

[Event "Ruhrgebiet Bezirksliga 16/17"]
[Site "Ruhrgebiet"]
[Date "2016.08.28"]
[Round "1.3"]
[White "Wagner, Ralf"]
[Black "Przybela, Josef Franz"]
[Result "1-0"]
[WhiteElo "1853"]
[BlackElo "1668"]
[PlyCount "59"]
[EventDate "2016.08.28"]
[EventType "team-tourn"]
[EventRounds "11"]
[EventCountry "GER"]
[SourceTitle "EXT 2022"]
[Source "ChessBase"]
[SourceDate "2021.10.06"]
[SourceVersion "1"]
[SourceVersionDate "2021.10.06"]
[SourceQuality "1"]
[WhiteTeam "Ahlen SV II"]
[BlackTeam "Hamm Koenigsspringer II"]
[WhiteTeamCountry "GER"]
[BlackTeamCountry "GER"]

1. e4 c5 2. Nf3 d6 3. Bb5+ Nc6 4. d4 cxd4 5. Nxd4 Bd7 6. Be3 Nxd4 7. Bxd7+ Qxd7 8. Bxd4 Nf6 9. Bxf6 gxf6 10. Nc3 h5 11. h4 Bg7 12. Nd5 f5 13. exf5 0-0-0 14. c3 Kb8 15. Qd3 Rh6 16. 0-0-0 e6 17. fxe6 fxe6 18. Ne3 Qc6 19. Kb1 d5 20. f4 Qd6 21. g3 Bf8 22. Rhe1 Qb6 23. Nc4 Qb5 24. Ne5 Qxd3+ 25. Rxd3 Rf6 26. Nf3 Kc7 27. Re5 Rh6 28. Ng5 Re8 29. Rdxd5 Bd6 30. Rxd6 1-0

[Event "Ruhrgebiet Verbandsklasse Gruppe 3 1516"]
[Site "Germany"]
[Date "2016.02.21"]
[Round "7.5"]
[White "Wagner, Ralf"]
[Black "Tig, Achmet"]
[Result "0-1"]
[WhiteElo "1914"]
[BlackElo "1840"]
[PlyCount "68"]
[EventDate "2015.09.06"]
[EventType "team-tourn"]
[EventRounds "9"]
[EventCountry "GER"]
[SourceTitle "EXT 2022"]
[Source "ChessBase"]
[SourceDate "2021.10.06"]
[SourceVersion "1"]
[SourceVersionDate "2021.10.06"]
[SourceQuality "1"]
[WhiteTeam "Ahlen SV II"]
[BlackTeam "Hervest Dorsten"]
[WhiteTeamCountry "GER"]
[BlackTeamCountry "GER"]

1. e4 c5 2. Nf3 d6 3. c3 Nf6 4. Be2 Nc6 5. d4 cxd4 6. cxd4 Nxe4 7. d5 Qa5+ 8. Nc3 Nxc3 9. bxc3 Ne5 10. Qb3 Nxf3+ 11. Bxf3 g6 12. 0-0 Bg7 13. Bd2 0-0 14. Rfe1 Re8 15. Re4 b5 16. Rae1 Bf6 17. g4 Bd7 18. g5 Be5 19. Bg4 Bxg4 20. Rxg4 Rac8 21. Re3 Rc5 22. Rh3 Rec8 23. Rb4 a6 24. f4 Bg7 25. f5 Rc4 26. Rxc4 Rxc4 27. Qd1 Bxc3 28. fxg6 hxg6 29. Rxc3 Rxc3 30. Qe1 Qb6+ 31. Kh1 Rc2 32. Be3 Qb7 33. Qd1 Rxa2 34. h4 e6 0-1

[Event "Ruhrgebiet Regionalliga 1516"]
[Site "Germany"]
[Date "2015.10.18"]
[Round "2.7"]
[White "Wagner, Ralf"]
[Black "Schmidt, Ralph"]
[Result "1/2-1/2"]
[WhiteElo "1914"]
[BlackElo "1925"]
[PlyCount "80"]
[EventDate "2015.09.13"]
[EventType "team-tourn"]
[EventRounds "9"]
[EventCountry "GER"]
[SourceTitle "EXT 2022"]
[Source "ChessBase"]
[SourceDate "2021.10.06"]
[SourceVersion "1"]
[SourceVersionDate "2021.10.06"]
[SourceQuality "1"]
[WhiteTeam "Ahlen SV"]
[BlackTeam "Bochum-Linden"]
[WhiteTeamCountry "GER"]
[BlackTeamCountry "GER"]

1. e4 e5 2. Nf3 Nc6 3. Bc4 Bc5 4. c3 Nf6 5. d3 0-0 6. Bg5 d6 7. h3 a6 8. b4 Ba7 9. Nbd2 Be6 10. Bd5 Bxd5 11. exd5 Ne7 12. c4 Kh8 13. d4 h6 14. Bxf6 gxf6 15. Ne4 f5 16. Qd2 Ng8 17. Ng3 Qf6 18. dxe5 dxe5 19. 0-0 Rae8 20. c5 f4 21. Ne4 Qg6 22. Rfe1 b6 23. Qc3 f6 24. Re2 Ne7 25. Rd1 Rg8 26. Ne1 bxc5 27. bxc5 Rd8 28. d6 cxd6 29. Nxd6 f3 30. Red2 Nc6 31. Qxf3 Nd4 32. Qd5 Rd7 33. Kh1 Rgd8 34. Qe4 Qg7 35. Nd3 Bxc5 36. Nxc5 Rxd6 37. Rb1 Rg8 38. Rb7 Qg6 39. Rdb2 Rdd8 40. R2b6 Rde8 1/2-1/2

[Event "Ruhrgebiet Verbandsklasse Gruppe 3 1516"]
[Site "Germany"]
[Date "2015.09.27"]
[Round "2.5"]
[White "Weinert, Christian"]
[Black "Wagner, Ralf"]
[Result "1-0"]
[WhiteElo "1915"]
[BlackElo "1914"]
[PlyCount "95"]
[EventDate "2015.09.06"]
[EventType "team-tourn"]
[EventRounds "9"]
[EventCountry "GER"]
[SourceTitle "EXT 2022"]
[Source "ChessBase"]
[SourceDate "2021.10.06"]
[SourceVersion "1"]
[SourceVersionDate "2021.10.06"]
[SourceQuality "1"]
[WhiteTeam "Mengede SG"]
[BlackTeam "Ahlen SV II"]
[WhiteTeamCountry "GER"]
[BlackTeamCountry "GER"]

1. d4 c5 2. d5 e6 3. c4 Qh4 4. e3 exd5 5. cxd5 Bd6 6. Nc3 a6 7. Nf3 Qe7 8. a4 b6 9. Bd3 Nf6 10. 0-0 Bb7 11. e4 Be5 12. Qb3 b5 13. axb5 0-0 14. Bg5 d6 15. Ne2 axb5 16. Bxb5 Na6 17. Nd2 Bxh2+ 18. Kh1 Be5 19. f4 Bd4 20. Rae1 Nc7 21. Nxd4 cxd4 22. Bc4 Rfb8 23. Qd3 h6 24. Bh4 g5 25. fxg5 Ng4 26. Qg3 h5 27. g6 f6 28. Be2 Qe5 29. Bxg4 Qxg3 30. Bxg3 hxg4 31. Bxd6 Ne8 32. Bxb8 Rxb8 33. Ra1 Kg7 34. b4 Kxg6 35. b5 Nd6 36. b6 f5 37. e5 Ne4 38. Nxe4 fxe4 39. d6 e3 40. Rfd1 Rf8 41. Kh2 d3 42. Rxd3 Rf2 43. Rg1 e2 44. Re3 Kf7 45. e6+ Ke8 46. e7 e1Q 47. Rexe1 Rd2 48. Rd1 1-0

[Event "Ruhrgebiet Regionalliga 1516"]
[Site "Germany"]
[Date "2015.09.13"]
[Round "1.8"]
[White "Holtkamp, Matthias"]
[Black "Wagner, Ralf"]
[Result "1-0"]
[WhiteElo "1927"]
[BlackElo "1914"]
[PlyCount "143"]
[EventDate "2015.09.13"]
[EventType "team-tourn"]
[EventRounds "9"]
[EventCountry "GER"]
[SourceTitle "EXT 2022"]
[Source "ChessBase"]
[SourceDate "2021.10.06"]
[SourceVersion "1"]
[SourceVersionDate "2021.10.06"]
[SourceQuality "1"]
[WhiteTeam "Gladbeck SG"]
[BlackTeam "Ahlen SV"]
[WhiteTeamCountry "GER"]
[BlackTeamCountry "GER"]

1. d4 g6 2. c4 Bg7 3. Nc3 d6 4. g3 Nf6 5. Bg2 0-0 6. e3 c6 7. Nge2 a5 8. 0-0 Na6 9. b3 Rb8 10. Bb2 Nc7 11. Qc2 Nfe8 12. Rfd1 f5 13. Rac1 Nf6 14. Nf4 Bd7 15. Nd3 b5 16. c5 d5 17. Ne5 Be8 18. Ne2 Ne4 19. Nf4 g5 20. Nfd3 Nf6 21. Rf1 Ne6 22. Rce1 Qc7 23. Bh3 g4 24. Bg2 Ne4 25. f3 gxf3 26. Bxf3 h5 27. Qe2 Nf6 28. Nf4 Nxf4 29. gxf4 Kh7 30. Kh1 Rh8 31. Rg1 e6 32. Rg2 Ng4 33. h3 Kg8 34. Kg1 Nf6 35. Qf2 Rh7 36. Qh4 Qe7 37. Bd1 Rb7 38. Kf1 Ne4 39. Qxe7 Rxe7 40. Nd3 Kf8 41. Ke2 Bf6 42. Reg1 Bf7 43. Ne5 Bxe5 44. fxe5 h4 45. Kd3 Ng3 46. Bc3 b4 47. Be1 Bg6 48. Kd2 Ne4+ 49. Kc2 Bf7 50. Kb2 Ra7 51. a3 Rb7 52. Be2 Rh8 53. Ba6 Ra7 54. Bd3 Rb7 55. Be2 Rb8 56. Rf1 bxa3+ 57. Kxa3 Ke7 58. Bxa5 Ra8 59. b4 Ng3 60. Rfg1 Bh5 61. Bxh5 Rxh5 62. Ka4 f4 63. exf4 Rf5 64. Rf2 Raf8 65. b5 cxb5+ 66. Kxb5 Rb8+ 67. Bb6 Ne4 68. Rfg2 Ng3 69. Rf2 Ne4 70. Rg7+ Kf8 71. Rfg2 Ng3 72. Rg4 1-0

[Event "Ruhrgebiet Verbandsklasse Gruppe 2 1415"]
[Site "Germany"]
[Date "2015.04.26"]
[Round "9.3"]
[White "Wagner, Ralf"]
[Black "Konietzka, Bernd"]
[Result "1-0"]
[WhiteElo "1913"]
[BlackElo "1912"]
[PlyCount "69"]
[EventDate "2014.09.21"]
[EventType "team-tourn"]
[EventRounds "9"]
[EventCountry "GER"]
[SourceTitle "EXT 2022"]
[Source "ChessBase"]
[SourceDate "2021.10.06"]
[SourceVersion "1"]
[SourceVersionDate "2021.10.06"]
[SourceQuality "1"]
[WhiteTeam "Ahlen SV"]
[BlackTeam "Horst Emscher II"]
[WhiteTeamCountry "GER"]
[BlackTeamCountry "GER"]

1. e4 c5 2. Nf3 e6 3. e5 Nc6 4. Bb5 Qc7 5. Qe2 Nge7 6. 0-0 a6 7. Bxc6 Nxc6 8. a4 b6 9. d3 Bb7 10. Na3 d5 11. exd6 Bxd6 12. Nc4 Be7 13. Be3 0-0 14. Qd2 e5 15. Rfe1 f6 16. Qe2 Rfe8 17. Nh4 Bf8 18. Qg4 Bc8 19. Qf3 Ne7 20. Qxa8 Nc6 21. a5 b5 22. Nb6 Bd7 23. Nd5 Qd6 24. Qxa6 Qxd5 25. c4 Qf7 26. cxb5 Nb4 27. Qb7 Nxd3 28. Red1 e4 29. a6 Re7 30. Qb8 Qh5 31. a7 Re8 32. Qxe8 Bxe8 33. a8Q Qxh4 34. Qxe8 Ne5 35. Ra8 1-0

[Event "Ruhrgebiet Verbandsklasse Gruppe 2 1415"]
[Site "Germany"]
[Date "2015.03.01"]
[Round "7.2"]
[White "Frank, Hartmut"]
[Black "Wagner, Ralf"]
[Result "1/2-1/2"]
[WhiteElo "1788"]
[BlackElo "1925"]
[PlyCount "71"]
[EventDate "2014.09.21"]
[EventType "team-tourn"]
[EventRounds "9"]
[EventCountry "GER"]
[SourceTitle "EXT 2022"]
[Source "ChessBase"]
[SourceDate "2021.10.06"]
[SourceVersion "1"]
[SourceVersionDate "2021.10.06"]
[SourceQuality "1"]
[WhiteTeam "Muelheim Nord V"]
[BlackTeam "Ahlen SV"]
[WhiteTeamCountry "GER"]
[BlackTeamCountry "GER"]

1. c4 c5 2. g3 g6 3. Bg2 Bg7 4. e4 Nc6 5. Ne2 d6 6. 0-0 Nf6 7. Nbc3 Ng4 8. d3 Bd7 9. h3 Nf6 10. Be3 Qc8 11. Kh2 h5 12. f3 Ne5 13. Nd5 Nxd5 14. cxd5 Bb5 15. d4 Bxe2 16. Qxe2 cxd4 17. Bxd4 h4 18. Bxe5 Bxe5 19. f4 hxg3+ 20. Kxg3 Bg7 21. Rac1 Qd7 22. Rc4 g5 23. fxg5 Be5+ 24. Kf2 Bf4 25. Qg4 Qxg4 26. hxg4 Bxg5 27. Rh1 Rxh1 28. Bxh1 Kd7 29. Bf3 Bf4 30. Bg2 Rh8 31. Kf3 Be5 32. b3 Rh6 33. Rc2 Rf6+ 34. Ke2 Bg3 35. Bf3 Rh6 36. Bg2 1/2-1/2

[Event "Ruhrgebiet Verbandsklasse Gruppe 2 1415"]
[Site "Germany"]
[Date "2014.12.14"]
[Round "4.3"]
[White "Ratzmann, Stefan"]
[Black "Wagner, Ralf"]
[Result "1/2-1/2"]
[WhiteElo "1913"]
[BlackElo "1925"]
[PlyCount "83"]
[EventDate "2014.09.21"]
[EventType "team-tourn"]
[EventRounds "9"]
[EventCountry "GER"]
[SourceTitle "EXT 2022"]
[Source "ChessBase"]
[SourceDate "2021.10.06"]
[SourceVersion "1"]
[SourceVersionDate "2021.10.06"]
[SourceQuality "1"]
[WhiteTeam "Oberhausen SV III"]
[BlackTeam "Ahlen SV"]
[WhiteTeamCountry "GER"]
[BlackTeamCountry "GER"]

1. d4 Nf6 2. Nf3 e6 3. e3 b6 4. Bd3 Bb7 5. 0-0 d6 6. c4 Nbd7 7. Nc3 d5 8. cxd5 exd5 9. Ne5 a6 10. f4 Bd6 11. Qf3 c5 12. g4 h6 13. h4 g5 14. fxg5 hxg5 15. hxg5 Bxe5 16. dxe5 Nxe5 17. Qxf6 Qxf6 18. Rxf6 Nxd3 19. Rh6 0-0-0 20. Bd2 Ne5 21. Rf1 d4 22. Na4 Nxg4 23. Nxb6+ Kb8 24. Nd7+ Ka7 25. Nxc5 Nxh6 26. gxh6 Rdg8+ 27. Kf2 Rg2+ 28. Ke1 Rxh6 29. Nxb7 Kxb7 30. exd4 Re6+ 31. Kd1 f6 32. Bc3 Kc6 33. Rf5 Rd6 34. a3 Rg5 35. Rf4 Kd5 36. Ke2 Re6+ 37. Kf3 f5 38. Rh4 Re4 39. Rh6 Re6 40. Rh8 Reg6 41. Rd8+ Rd6 42. Rh8 1/2-1/2

[Event "Ruhrgebiet Verbandsklasse Gruppe 2 1415"]
[Site "Germany"]
[Date "2014.11.16"]
[Round "3"]
[White "Huettemann, Karl Heinz"]
[Black "Wagner, Ralf"]
[Result "1/2-1/2"]
[WhiteElo "2066"]
[BlackElo "1925"]
[PlyCount "112"]
[EventDate "2014.09.21"]
[EventType "team-tourn"]
[EventRounds "9"]
[EventCountry "GER"]
[SourceTitle "EXT 2022"]
[Source "ChessBase"]
[SourceDate "2021.10.06"]
[SourceVersion "1"]
[SourceVersionDate "2021.10.06"]
[SourceQuality "1"]
[WhiteTeam "Dortmund SV"]
[BlackTeam "Ahlen SV"]
[WhiteTeamCountry "GER"]
[BlackTeamCountry "GER"]

1. c4 c5 2. Nf3 g6 3. d4 cxd4 4. Nxd4 Bg7 5. e4 d6 6. Nc3 Nf6 7. Be2 Nbd7 8. Be3 Ne5 9. f3 Bd7 10. Qd2 h5 11. 0-0 a6 12. Rac1 Rc8 13. b3 0-0 14. Kh1 Bc6 15. Rfe1 Re8 16. Nxc6 Rxc6 17. Nd5 Ned7 18. b4 Rc8 19. a4 Nh7 20. a5 Bf8 21. f4 e6 22. Nb6 Nxb6 23. Bxb6 Qh4 24. Bf3 e5 25. g3 Qf6 26. Bg2 Bh6 27. Be3 Rcd8 28. Rf1 Qe7 29. Rfe1 Nf6 30. h3 Nh7 31. Rb1 Rc8 32. Qd3 Red8 33. Rf1 h4 34. Bb6 Re8 35. f5 hxg3 36. fxg6 fxg6 37. Qxg3 Kg7 38. Qd3 Qe6 39. c5 dxc5 40. bxc5 Nf6 41. Rfd1 Bf4 42. Qb3 g5 43. Qxe6 Rxe6 44. Bf3 Rh8 45. Kg2 g4 46. Bxg4 Nxg4 47. hxg4 Rh2+ 48. Kf1 Reh6 49. Rd7+ Kf8 50. c6 Rxc6 51. Bg1 Ra2 52. Rdxb7 Rxa5 53. Ra7 Rc1+ 54. Rxc1 Bxc1 55. Ke2 Bf4 56. Kd3 Ra4 1/2-1/2

[Event "Ruhrgebiet Verbandsklasse Gruppe 2 1415"]
[Site "Germany"]
[Date "2014.10.19"]
[Round "2.3"]
[White "Wagner, Ralf"]
[Black "Siebert, Martin"]
[Result "0-1"]
[WhiteElo "1925"]
[BlackElo "1927"]
[PlyCount "162"]
[EventDate "2014.09.21"]
[EventType "team-tourn"]
[EventRounds "9"]
[EventCountry "GER"]
[SourceTitle "EXT 2022"]
[Source "ChessBase"]
[SourceDate "2021.10.06"]
[SourceVersion "1"]
[SourceVersionDate "2021.10.06"]
[SourceQuality "1"]
[WhiteTeam "Ahlen SV"]
[BlackTeam "Brackel SF III"]
[WhiteTeamCountry "GER"]
[BlackTeamCountry "GER"]

1. e4 e6 2. d4 d5 3. Nd2 Nf6 4. e5 Nfd7 5. Bd3 c5 6. c3 Nc6 7. Ne2 cxd4 8. cxd4 Qb6 9. a3 f6 10. exf6 Nxf6 11. Nf3 Bd6 12. Bg5 Bd7 13. b4 a6 14. 0-0 0-0 15. Bc2 Be8 16. Bf4 Qc7 17. Bxd6 Qxd6 18. Ng3 Ne7 19. Re1 Bg6 20. Ng5 Rac8 21. Bxg6 Nxg6 22. Nxe6 Rf7 23. Rc1 Rc4 24. Rc2 Rxc2 25. Qxc2 Re7 26. Qc8+ Re8 27. Nf5 Qb6 28. Qc5 Rxe6 29. Qc8+ Nf8 30. Re5 Rxe5 31. dxe5 N6d7 32. Ne7+ Kf7 33. Nxd5 Qd4 34. e6+ Kxe6 35. Ne3 Qa1+ 36. Nf1 Qxa3 37. Qxb7 Qd3 38. g3 Ng6 39. Ne3 Nge5 40. Qa8 Qb1+ 41. Kg2 Qd3 42. Qg8+ Kd6 43. Qxg7 Qe4+ 44. Kh3 Qg6 45. Qh8 Qf6 46. Qxh7 Qxf2 47. Qh6+ Nf6 48. Qf8+ Kd7 49. Qc5 Ke6 50. Qd4 Qxh2+ 51. Kxh2 Nf3+ 52. Kg2 Nxd4 53. g4 Ne4 54. Kh3 Nc6 55. Nc2 Ke5 56. Kg2 Kf4 57. Kf1 Nc3 58. Ke1 Nd5 59. Kd2 Ncxb4 60. Na3 Kxg4 61. Nc4 Kf4 62. Kc1 Ke4 63. Kb2 Kd4 64. Na5 Nb6 65. Nb3+ Kc4 66. Ka3 Nc2+ 67. Kb2 Nd4 68. Na5+ Kb4 69. Nb7 Nc4+ 70. Ka2 Ne6 71. Kb1 Kb5 72. Kc2 Kb6 73. Kc3 Kxb7 74. Kxc4 Kb6 75. Kb3 Kb5 76. Ka3 Nc5 77. Kb2 Kb4 78. Ka2 Na4 79. Ka1 Ka3 80. Kb1 Nc5 81. Ka1 Nb3+ 0-1

[Event "NRW Verbandsklasse Group1 1314"]
[Site "Nordrheinwestfalen"]
[Date "2014.01.26"]
[Round "6"]
[White "Wagner, Ralf"]
[Black "Mueller Clostermann, Bruno"]
[Result "0-1"]
[WhiteElo "1936"]
[BlackElo "2070"]
[PlyCount "70"]
[EventDate "2013.09.08"]
[EventType "team-tourn"]
[EventRounds "9"]
[EventCountry "GER"]
[SourceTitle "EXT 2020"]
[Source "ChessBase"]
[SourceDate "2019.10.17"]
[SourceVersion "1"]
[SourceVersionDate "2019.10.17"]
[SourceQuality "1"]
[WhiteTeam "Ahlen SV II"]
[BlackTeam "Katernberg SF III"]
[WhiteTeamCountry "GER"]
[BlackTeamCountry "GER"]

1. e4 Nf6 2. e5 Nd5 3. Bc4 Nb6 4. Bb3 d5 5. d4 Bf5 6. c3 e6 7. Be3 c5 8. Ne2 Nc6 9. dxc5 Nd7 10. Nd4 Bg6 11. 0-0 Bxc5 12. Nxc6 bxc6 13. Bxc5 Nxc5 14. Bc2 Qb8 15. b4 Bxc2 16. Qxc2 Nd7 17. f4 a5 18. a3 0-0 19. Nd2 c5 20. Qa4 Qa7 21. bxa5 c4+ 22. Kh1 Nc5 23. Qc2 Nd3 24. h3 Rab8 25. Ra2 Qxa5 26. Kh2 g6 27. Kg3 Rb7 28. Rb1 Rxb1 29. Nxb1 f6 30. exf6 Rxf6 31. Kh2 Rxf4 32. Nd2 Rf2 33. Ra1 Qc7+ 34. Kh1 Qg3 35. Rg1 Rxd2 0-1

[Event "Ruhrgebiet Regionalliga 1112"]
[Site "Nordrheinwestfalen"]
[Date "2012.01.15"]
[Round "6.7"]
[White "Wagner, Ralf"]
[Black "Patzer, Joerg"]
[Result "1-0"]
[WhiteElo "1932"]
[BlackElo "1925"]
[PlyCount "123"]
[EventDate "2011.09.25"]
[EventType "team-tourn"]
[EventRounds "9"]
[EventCountry "GER"]
[SourceTitle "EXT 2020"]
[Source "ChessBase"]
[SourceDate "2019.10.17"]
[SourceVersion "1"]
[SourceVersionDate "2019.10.17"]
[SourceQuality "1"]
[WhiteTeam "Ahlen SV"]
[BlackTeam "Horst Emscher"]
[WhiteTeamCountry "GER"]
[BlackTeamCountry "GER"]

1. e4 d6 2. d3 g6 3. f4 Bg7 4. Nf3 c5 5. Be2 Nc6 6. c3 e6 7. 0-0 Nge7 8. Be3 0-0 9. Nbd2 b6 10. Bf2 f5 11. exf5 Rxf5 12. g3 e5 13. Nh4 Rf8 14. fxe5 Nxe5 15. d4 Nf7 16. Bf3 Rb8 17. Bg4 Bb7 18. Be6 Ba6 19. Re1 Kh8 20. Nhf3 Bc8 21. Qe2 Nf5 22. g4 N5h6 23. Bxc8 Qxc8 24. h3 Qc6 25. Qd3 Rbe8 26. Bg3 Rxe1+ 27. Rxe1 Re8 28. Rxe8+ Qxe8 29. Qe4 Qxe4 30. Nxe4 Bf8 31. Kf1 Be7 32. Bf4 Ng8 33. dxc5 bxc5 34. Ke2 Kg7 35. Kd3 d5 36. Neg5 Nxg5 37. Nxg5 Bxg5 38. Bxg5 Kf7 39. b4 cxb4 40. cxb4 a6 41. Kd4 h6 42. Bd8 Ke6 43. a4 Kd7 44. Bh4 g5 45. Bg3 Ke6 46. Be5 Ne7 47. Bg7 h5 48. Kc5 hxg4 49. hxg4 Ng6 50. b5 axb5 51. axb5 Nf4 52. Kc6 Nd3 53. Bc3 d4 54. Bxd4 Nb4+ 55. Kc5 Nd5 56. Kc4 Kd6 57. Kd3 Nf4+ 58. Ke4 Ne6 59. Be3 Nc7 60. b6 Ne6 61. Kf5 Kd7 62. b7 1-0